| 000 | 00561nam a2200193Ia 4500 | ||
|---|---|---|---|
| 005 | 20250508160429.0 | ||
| 008 | 008 250505s9999 xx 000 0 eng d | ||
| 037 | _aTextual | ||
| 040 |
_aFEDL _beng _cFEDL |
||
| 041 |
_aeng _2eng |
||
| 084 |
_a370.15, LIN _qFEDL |
||
| 100 | _aLindgren Henry Clay | ||
| 245 | 0 | _aPsychology of college success : A dynamic approach | |
| 260 |
_aNew York, USA _bJohn Wiley and Sons _c1969 |
||
| 300 | _axv,141p. | ||
| 650 | _aEducation-Psychology | ||
| 942 |
_cTEXL _h370.15, LIN |
||
| 999 |
_c1364555 _d1364555 |
||